| 000 -LEADER |
| fixed length control field |
00805cam a2200265 i 4500 |
| 001 - CONTROL NUMBER |
| control field |
19823 |
| 003 - CONTROL NUMBER IDENTIFIER |
| control field |
BD-DhUAP |
| 005 - DATE AND TIME OF LATEST TRANSACTION |
| control field |
20200222110324.0 |
| 008 - FIXED-LENGTH DATA ELEMENTS--GENERAL INFORMATION |
| fixed length control field |
200222s2017 njuae b 001 0 eng |
| 020 ## - INTERNATIONAL STANDARD BOOK NUMBER |
| International Standard Book Number |
9781118977996 |
| 020 ## - INTERNATIONAL STANDARD BOOK NUMBER |
| International Standard Book Number |
9781118978009 |
| 040 ## - CATALOGING SOURCE |
| Original cataloging agency |
DLC |
| Language of cataloging |
eng |
| Transcribing agency |
DLC |
| Description conventions |
rda |
| Modifying agency |
BD-DhUAP |
| 042 ## - AUTHENTICATION CODE |
| Authentication code |
pcc |
| 082 00 - DEWEY DECIMAL CLASSIFICATION NUMBER |
| Classification number |
690.837 ALL |
| Edition number |
23 |
| 100 1# - MAIN ENTRY--PERSONAL NAME |
| Personal name |
Allen, Edward. |
| 245 10 - TITLE STATEMENT |
| Title |
Fundamentals of residential construction / |
| Statement of responsibility, etc. |
Edward Allen, Rob Thallon and Alexander C. Schreyer. |
| 250 ## - EDITION STATEMENT |
| Edition statement |
4th ed. |
| 264 #1 - PRODUCTION, PUBLICATION, DISTRIBUTION, MANUFACTURE, AND COPYRIGHT NOTICE |
| Place of production, publication, distribution, manufacture |
Hoboken, New Jersey : |
| Name of producer, publisher, distributor, manufacturer |
Wiley, |
| Date of production, publication, distribution, manufacture, or copyright notice |
c2017. |
| 300 ## - PHYSICAL DESCRIPTION |
| Extent |
xiii, 733 pages : |
| Other physical details |
illustrations ; |
| Dimensions |
29 cm |
| 504 ## - BIBLIOGRAPHY, ETC. NOTE |
| Bibliography, etc. note |
Includes bibliographical references and index. |
| 650 #0 - SUBJECT ADDED ENTRY--TOPICAL TERM |
| Topical term or geographic name entry element |
House construction. |
| 700 1# - ADDED ENTRY--PERSONAL NAME |
| Personal name |
Thallon, Rob. |
| 700 1# - ADDED ENTRY--PERSONAL NAME |
| Personal name |
Schreyer, Alexander C. |
| 942 ## - ADDED ENTRY ELEMENTS (KOHA) |
| Source of classification or shelving scheme |
|
| Koha item type |
Book |